|
|
|
|
| LEADER |
00000nab a2200000 a 4500 |
| 001 |
vtls000604843 |
| 003 |
SK-MaSNL |
| 005 |
20260319080843.0 |
| 008 |
180207c1996 xo 0 slo |
| 015 |
|
|
|a SNBRB19rr/mm-uuuuu
|
| 035 |
|
|
|a CL0604982
|
| 040 |
|
|
|a SNKBUCL
|b slo
|c SNKBUCL
|e AACR2
|
| 041 |
0 |
|
|a slo
|
| 044 |
|
|
|a xo
|c SK
|
| 080 |
|
|
|a 783.29
|2 1981
|
| 080 |
|
|
|a 78.087.684
|2 1981
|
| 100 |
1 |
|
|a Lesan, Martin
|4 aut
|9 889447
|
| 245 |
1 |
0 |
|a Spievali sme s nimi všetci
|c Martin Lesan
|
| 500 |
|
|
|a Dirigent Ondrej Lenárd
|
| 600 |
1 |
7 |
|a Verdi, Giuseppe,
|d 1813-1901
|t Requiem
|2 snkbucl
|9 112146
|
| 610 |
|
7 |
|a Slovenská filharmónia
|2 snkbucl
|9 145774
|
| 610 |
|
7 |
|a Spevácky zbor mesta Bratislavy
|2 snkbucl
|9 34244
|
| 655 |
|
7 |
|a články z novín a časopisov
|2 snkbucl
|9 267496
|
| 773 |
0 |
|
|t Práca
|g Roč. 51, č. 266 (14. 11. 1996), s. 10
|
| 850 |
|
|
|a Slovenská národná knižnica v Martine
|a MTA001
|
| 852 |
|
|
|a SNK
|b KIS3GCP
|
| 958 |
|
|
|a RBX
|
| 999 |
|
|
|c 2158180
|d 2160110
|